000 00776nam a22002177a 4500
999 _c19990
_d19990
003 AR-CdUCM
008 190524b ||||| |||| 00| 0 spa d
040 _aMUNICIPALIDAD PROVINCIAL DEL CUSCO
_cBIBLIOTECA MUNICIPAL DEL CUSCO
082 _a324 /
_bM66
110 _aMinisterio de justicia
_934473
245 _aLegislación sobre terrorismo y pacificación /
260 _aCuzco :
_bMinisterio de justicia,
_c1993.
300 _a527 páginas ;
_c23 cm.
505 _aContenido : Legislación sobre pacificación -- Indice cronológico -- Legislacion -- Indice analitico...
650 _aTerrorismo
_91688
650 _aNormas procesales
_941821
650 _aArmas y municiones
_941822
650 _aLey de arrepentimiento
_941823
942 _2ddc
_cLIBROS
945 _arcc